000 00494nam a2200193Ia 4500
003 LK-CoDNM
005 20241206094520.0
008 010623t1974 xxu||||| |||| 00| 1 eng d
040 _aLK-CoDNM
_dLK-CoDNM
_eLK-CoDNM
041 _aeng
080 _a294.51
_bSHA
100 _aShantanand,Swami.
245 _aSubramanya : His Philosophy Worship and Meditation
260 _bManickam
_aColombo
_c1974
300 _b120p. ; 17 cm
650 _a1974
650 _aPhilosophy
942 _cBK
999 _c109329
_d109329